| 000 | 01266nam0a22002771 4500 | ||
|---|---|---|---|
| 001 | rc\3623065 | ||
| 005 | 20250610040924.0 | ||
| 021 |
_aRU _b[74-20546] |
||
| 035 | _a(NLR Aleph) 007680642 | ||
| 090 |
_a6534169 _c6534169 |
||
| 100 | _a20130115d1974 |||y0rusy50 ca | ||
| 101 | 0 | _arus | |
| 102 | _aRU | ||
| 105 | _aa z |||a| | ||
| 200 | 1 |
_aВечно с тобой _eРоман, рассказы _f[Ил.: Н. Моос] |
|
| 210 |
_aСвердловск _cСред.-Уральск. кн. изд-во _d1974 |
||
| 215 |
_a320 с. _cил. _d21 |
||
| 327 | 1 | _aСодерж.: Вечно с тобой: Роман; Рассказы: Димкины ворота; С песенкой вас, люди!; Оробевшая душа; Евгения; Мимозы | |
| 464 | 0 |
_12001#$aВечно с тобой$eРоман$aДимкины ворота$eРассказ$aС песенкой вас, люди!$eРассказ$aОробевшая душа$eРассказ$aЕвгения$eРассказ$aМимозы$eРассказ _tМимозы |
|
| 700 | 1 |
_aМаркова _bО.И. _f1908-1976 _gОльга Ивановна |
|
| 702 | 1 |
_aМоос _bН. _4440 |
|
| 801 | 0 |
_aRU _bNLR _gpsbo |
|
| 801 | 1 |
_aRU _bELAR _2rusmarc |
|
| 852 |
_aNLR _j73-3/11493 |
||
| 942 | _cBOOK | ||
| 980 | _aNB | ||